00737nam a2200169 a 4500008004100000050001700041100001900058245009400077260006000171300001300231650004500244650004400289700002000333995007900353999001700432952011800449161014s1969 ||||||||||||||||| || u aZ 857.R5 Rho aMcHarg, Alison10aDirectory of Rhodesian librariesccompiled and edited by Alison McHarg and Sally Phillips aHarare (Salisbury)bNational Archives of Rhodesiac1969 a30 pages aLIBRARIES--AFRICA, SOUTHERN--DIRECTORIES aLIBRARIES--AFRICA, SUB-SAHARAN--HISTORY aPhillips, Sally FCBU-MAIN LIBRARY (Kitwe)M1UREFERENCEWOct 14, 2016ZReference Collection c40243d40243 00102lcc4070a001b001cReference Collectiond2022-11-30l0oZ 857.R5 Rhop021932r2022-11-30w2022-11-30y002